Top 10 NBA Point Guards 2K25 - Statistics

General Stats
  • This quiz has been taken 133 times
    43 since last reset
  • The average score is 7 of 10
Answer Stats
OVR Player % Correct
95 Stephen Curry
97%
98 Shai Gilgeous-Alexander
95%
96 Luka Dončić
92%
91 Damian Lillard
79%
92 Jalen Brunson
74%
92 Trae Young
74%
89 De'Aaron Fox
66%
89 LaMelo Ball
61%
91 Ja Morant
58%
89 Cade Cunningham
50%
No matching quizzes found
Score Distribution
Percent of People with Each Score
Percentile by Number Answered
Your Score History
You have not taken this quiz since the last reset